000 00629nam a2200241 a 4500
005 20140310183326.0
008 060718s19uu xx 00 eng d
020 _a0071240020
050 _aRB 113
_b.M949 2005
100 _aMufson, Maurice A.
245 _aPretest pathophysiology :
_bpretest, self-assessment and review /
_cMaurice A. Mufson.
250 _a3rd ed.
260 _aU.S.A :
_bMcGraw Hill,
_c2005.
300 _a272 p. :
_c21 cm.
521 _aNUR
650 _aPathophysiology.
942 _cBK
_2lcc
_kFOR
999 _c21476
_d21476